| 000 | 00787nam a22002177a 4500 | ||
|---|---|---|---|
| 999 |
_c18113 _d18113 |
||
| 003 | AR-CdUCM | ||
| 008 | 190313b ||||| |||| 00| 0 spa d | ||
| 040 |
_aMUNICIPALIDAD PROVINCIAL DEL CUSCO _cBIBLIOTECA MUNICIPAL DEL CUSCO |
||
| 082 |
_a109 / _bG78 |
||
| 245 | _aGrandes pensadores / | ||
| 260 |
_aBuenos Aires : _bEl ateneo, _c1959. |
||
| 300 |
_a975 páginas ; _c19 cm. |
||
| 440 |
_aColección clásicos inolvidables ; _916821 |
||
| 505 | _aContenido: Séneca -- Epicteto -- Marco Aurelio -- Teofrasto -- Blas Pascal -- La bruyére -- La rochefoucauld. | ||
| 650 |
_aFilósofos _9827 |
||
| 650 |
_aGrandes pensadores _938507 |
||
| 650 |
_aUniversales _938508 |
||
| 700 |
_aFernández de Navarrete, Pedro (traductor) _938509 |
||
| 942 |
_2ddc _cLIBROS |
||
| 945 |
_aacv _d2019-05-11 |
||